000 01028nam a22002297a 4500
999 _c6377
_d6377
003 AR-CdUCM
008 190315b ||||| |||| 00| 0 spa d
040 _aMUNICIPALIDAD PROVINCIAL DEL CUSCO
_cBIBLIOTECA MUNICIPAL DEL CUSCO
082 _a030 /
_bQ5
100 _aQuevedo, Francisco de
_96596
245 _aHistoria de la vida del buscón, llamado Don Pablos :
_bLos mejores libros de la literatura española /
260 _aLima :
_bEditora de Publicaciones Gente,
_c1987.
300 _a158 páginas :
_c17 cm.
440 _aColección gratuita con la revista Gente (Lima-Perú) por su 3º aniversario.
_n17
_918173
505 _aContenido: A Donde Francisco de Quevedo. Luciano, su amigo -- cuenta quien es y de donde -- De como fui a la escuela y lo que en ella me sucedió -- De como fui a un pupilaje por criado de don Diego Coronel...
650 _aLiteratura española
_9362
650 _aColecciones
_9607
650 _aSiglo XX
_98
700 _aBanco de la Nación.
_918155
942 _2ddc
_cLIBROS
945 _adavv